Diálogos sobre La Haya: el límite marítimo entre Chile y Perú

Kaydedildi:
Detaylı Bibliyografya
Yazar: Leiva Lavalle, Patricio (Yazar)
Materyal Türü: Kitap
Dil:İspanyolca
Baskı/Yayın Bilgisi: Santiago Universidad Miguel de Cervantes 2010
Santiago Instituto Latinoamericano de Relaciones Internacionales 2010
Seri Bilgileri:Diálogos sobre La Haya
Konular:
Etiketler: Etiketle
Etiket eklenmemiş, İlk siz ekleyin!

MARC

LEADER 00000nam a2200000 a 4500
001 UCG3942
003 CL-VaPUC
008 100923e20100500cl |||||||||||||||||spa|d
020 |a 9789567803064 
082 0 4 |a 327.830085  |b LEI  |2 21 
100 |a Leiva Lavalle, Patricio  |e author  |9 590703 
245 1 0 |a Diálogos sobre La Haya: el límite marítimo entre Chile y Perú 
300 |a 195 p 
942 |c BK 
945 |d 20100923 00:00:00  |a mfarfan 
260 |a Santiago  |b Universidad Miguel de Cervantes  |c 2010 
260 |a Santiago  |b Instituto Latinoamericano de Relaciones Internacionales  |c 2010 
650 0 |a Relaciones Internacionales  |9 255740 
650 7 |a LIMITES MARITIMOS  |2 CL-VaPUC  |9 553249 
651 7 |a CHILE  |2 CL-VaPUC  |9 553250 
651 0 |a Perú  |9 256567 
583 |a last modification  |c 20171220 04:08:01  |k Rodrigo Vera 
490 0 |a Diálogos sobre La Haya 
999 |c 342880  |d 342878 
952 |0 0  |1 0  |4 0  |6 327_830085000000000_LEI_2010_2010  |7 0  |8 X  |9 439559  |a FDOBUD  |b FDOBUD  |d 2019-11-22  |i 471881K  |o 327.830085 LEI 2010 2010  |p 471881K  |r 2019-11-22  |w 2019-11-22  |y BK_X  |k BUD